00298nam a2200121Ia 4500008004100000041000800041082001400049100001000063245002500073260003800098300003300136365000700169240624s9999 xx 000 0 und d aeng a658.8 ICF aICFAI aINDUSTRIAL MARKETING c2006aHyderabadbICFAI University axviii, : 465 : p. : cm. ; 26 cRS